00657 2200289 4500001002100000005001500021035002000036245003000056100002000086250000600106300002600112856004500138260003200183082000800215084001400223600001000237990001200247990001200259990001200271990001200283990001200295990001200307990001200319990001200331990001200343990001200355INLIS00000000000164120250429075913 a0010-04250000571 aziarah /cIwan Simatupang0 aIwan Simatupang a1 a114 :bIlust ;c21 cm aRuang Baca Umum No Klas 800 ( Rak 3,4,5) aJakarta :bDjambatan,c2002 a813 a813 IWA z 4aFiksi a02.1980 a02.1981 a02.1982 a02.1983 a02.1984 a02.1985 a02.1986 a02.1987 a02.1988 a02.1989